| 000 | 00445nam a2200181Ia 4500 | ||
|---|---|---|---|
| 008 | 220531s9999 xx 000 0 und d | ||
| 041 | _aeng | ||
| 082 | _bWOM / MEE | ||
| 100 |
_aMeenakshi, J. Ed. _984053 |
||
| 245 | _aWomen Literacy in India | ||
| 250 | _a1ST | ||
| 260 |
_aNew Delhi _bOmega _c2007 |
||
| 300 | _a269 | ||
| 542 | _d31-05-2018 | ||
| 650 |
_aWomen Literacy _984054 |
||
| 906 |
_d2018-2019 _f12660 |
||
| 999 |
_c46271 _d46271 |
||